000
00281nam a22001217a 4500
008
170615b xxu||||| |||| 00| 0 eng d
041
_a
eng
080
_a
32
100
_a
19
101
_a
SHP
245
_a
VIETNAM AND AMERICAN FOREIGN POLICY
_c
BOETTIGER.K.R
942
_2
udc
_c
BK
999
_c
17586
_d
17586